Medication law and behavior

Shranjeno v:
Bibliografske podrobnosti
Glavni avtor: Gibson, J. Tyrone (Author)
Format: Knjiga
Jezik:angleščina
Izdano: Nueva York John Wiley 1976
Teme:
Oznake: Označite
Brez oznak, prvi označite!

MARC

LEADER 00000nam a2200000 a 4500
001 UCX0479
003 CL-VaPUC
008 891024e19760000US |||||||||||||||||eng|d
082 0 4 |a 344.054  |b GIB  |2 21 
100 0 |a Gibson, J. Tyrone  |e author  |9 315899 
245 1 0 |a Medication law and behavior 
300 |a 407 p 
942 |c BK 
945 |d 19891024 00:00:00 
260 |a Nueva York  |b John Wiley  |c 1976 
650 0 |a Drogas  |9 254877 
650 0 |a Medicina   |9 258507 
650 0 |a Derecho y legislación   |9 255077 
650 7 |a FARMACIA  |2 CL-VaPUC  |9 315900 
583 |a last modification  |c 19891024 00:00:00  |k Rodrigo Vera 
999 |c 222073  |d 222071 
952 |0 0  |1 0  |4 0  |6 344_054000000000000_GIB_1976  |7 0  |8 A  |9 216268  |a BIBDER  |b BIBDER  |d 2019-11-15  |i 2848767  |o 344.054 GIB 1976  |p 2848767  |r 2023-01-25  |w 2019-11-15  |y BK  |k DER 
952 |0 0  |1 0  |4 0  |6 344_054000000000000_GIB_1976  |7 0  |8 A  |9 216269  |a BIBDER  |b BIBDER  |d 2019-11-15  |i 2848775  |o 344.054 GIB 1976  |p 2848775  |r 2023-01-25  |w 2019-11-15  |y BK  |k DER